Team Logo - Patriot League - Statistics

General Stats
  • This quiz has been taken 15 times
  • The average score is 8 of 10
Answer Stats
Picture Answer % Correct
Army Black Knights
92%
Boston University Terriers
92%
Colgate Raiders
92%
Navy Midshipmen
92%
American University Eagles
85%
Holy Cross Crusaders
85%
Lehigh Mountain Hawks
85%
Bucknell Bison
77%
Lafayette Leopards
69%
Loyola Greyhounds
46%
No matching quizzes found
Score Distribution
Percent of People with Each Score
Percentile by Number Answered
Your Score History
You have not taken this quiz